Statistiques concernant Ces pays sont-ils frontaliers ?

Cliquez ici pour prendre le quiz!

Statistiques générales

  • Ce quiz a été pris 60 816 fois
  • Le résultat moyen est 13 sur 16

Statistiques - réponses

QuestionRéponse% Correct
Mexique / États-UnisOui
99%
France / ItalieOui
97%
Norvège / PologneNon
92%
Russie / ChineOui
92%
Chine / Corée du SudNon
89%
Égypte / KenyaNon
87%
Afrique du Sud / République du CongoNon
87%
Oman / YémenOui
83%
Brésil / VenezuelaOui
78%
Grèce / AlbanieOui
75%
Haïti / République DominicaineOui
72%
Indonésie / Papouasie-Nouvelle-GuinéeOui
72%
Vietnam / MalaisieNon
68%
Estonie / LituanieNon
66%
Panama / GuatemalaNon
65%
Bangladesh / PakistanNon
62%

Distribution des résultats

Percentile par nombre de réponses

% des personnes avec chaque résultat

Votre développement - résultats

Vous n’avez pas pris ce quiz